| 000 | 00947cam a22002895a 4500 | ||
|---|---|---|---|
| 001 | 14633303 | ||
| 005 | 20150527121059.0 | ||
| 008 | 061114t2007 flua frb 001 0 eng d | ||
| 020 | _a9781574446401 (alk. paper) | ||
| 020 | _a1574446401 (alk. paper) | ||
| 040 |
_aDLC _cDLC _dBAKER _dBTCTA _dC#P _dYDXCP _dUKM _dIXA _dDLC _dEG-ScBUE |
||
| 082 | 0 | 0 |
_a621.4023 _222 _bKEA |
| 100 | 1 |
_aKeating, Eugene L., _d1944- _938095 |
|
| 245 | 1 | 0 |
_aApplied combustion / _cEugene L. Keating. |
| 250 | _a2nd ed. | ||
| 260 |
_aBoca Raton : _bCRC Press / Taylor & Francis, _cc.2007. |
||
| 300 |
_axviii, 657 p. : _bill. ; _c26 cm. |
||
| 490 | 1 |
_aMechanical engineering ; _v206 |
|
| 500 | _aIndex : p. 651-657. | ||
| 504 | _aBibliography : p. 631-649. | ||
| 650 | 0 |
_aCombustion engineering. _2BUEsh |
|
| 651 | _2BUEsh | ||
| 653 |
_bENGGEN _cMay2015 |
||
| 655 |
_vreading book _934232 |
||
| 830 | 0 |
_aMechanical engineering (Taylor & Francis) ; _v206. |
|
| 942 | _2ddc | ||
| 999 |
_c19461 _d19433 |
||